Normal view
MARC view
- Leal Filho, Walter.
Entry Personal Name
001 - CONTROL NUMBER
- control field: 5681
003 - CONTROL NUMBER IDENTIFIER
- control field: NUST
005 - DATE AND TIME OF LATEST TRANSACTION
- control field: 20171026124410.0
008 - FIXED-LENGTH DATA ELEMENTS
- fixed length control field: 171026|| aca||aabn | a|a d
040 ## - CATALOGING SOURCE
- Original cataloging agency: NUST
- Transcribing agency: NUST
100 ## - HEADING--PERSONAL NAME
- Personal name: Leal Filho, Walter.
670 ## - SOURCE DATA FOUND
- Source citation: Work cat.: (NUST)0: Climate change and disaster risk management /
